Catálogo

Hija de revolucionarios / (Registro nro. 25860)

Detalles MARC
000 -LEADER
fixed length control field 01460cam a2200397 i 4500
001 - CONTROL NUMBER
control field 25860
003 - CONTROL NUMBER IDENTIFIER
control field Mx-PuUPA
005 - DATE AND TIME OF LATEST TRANSACTION
control field 20250218130739.0
008 - FIXED-LENGTH DATA ELEMENTS--GENERAL INFORMATION
fixed length control field 140415s2018 sp gr 000 0cspa d
017 ## - COPYRIGHT OR LEGAL DEPOSIT NUMBER
Copyright or legal deposit number B.20544-2018
020 ## - INTERNATIONAL STANDARD BOOK NUMBER
International Standard Book Number 9788433980199
040 ## - CATALOGING SOURCE
Original cataloging agency Mx-PuUPA
Language of cataloging spa
Transcribing agency Mx-PuUPA
Modifying agency Mx-PuUPA
Description conventions rda
041 1# - LANGUAGE CODE
Language code of text/sound track or separate title spa
Language code of original fre
100 1# - MAIN ENTRY--PERSONAL NAME
Personal name Debray, Laurence,
Dates associated with a name 1976-
9 (RLIN) 16667
Relator term autor
240 10 - UNIFORM TITLE
Uniform title File de révolutionnaires.
Language of a work Español
245 10 - TITLE STATEMENT
Title Hija de revolucionarios /
Statement of responsibility, etc. Laurence Debray ; de la traducción Cristina Zelich
250 ## - EDITION STATEMENT
Edition statement Primera edición /
Remainder of edition statement octubre
264 #1 - PRODUCTION, PUBLICATION, DISTRIBUTION, MANUFACTURE, AND COPYRIGHT NOTICE
Place of production, publication, distribution, manufacture Barcelona :
Name of producer, publisher, distributor, manufacturer Editorial Anagrama,
Date of production, publication, distribution, manufacture, or copyright notice 2018
300 ## - PHYSICAL DESCRIPTION
Extent 284 páginas ;
Dimensions 22 cm
336 ## - CONTENT TYPE
Fuente rdacontent
Content type term texto
Content type code txt
337 ## - MEDIA TYPE
Source rdamedia
Media type term sin medio
Media type code n
338 ## - CARRIER TYPE
Source rdacarrier
Carrier type term volumen
Carrier type code nc
490 0# - SERIES STATEMENT
Series statement Panorama de narrativas ;
Volume/sequential designation 989
600 14 - SUBJECT ADDED ENTRY--PERSONAL NAME
Personal name Debray, Laurence,
Dates associated with a name 1976
General subdivision Familia
600 14 - SUBJECT ADDED ENTRY--PERSONAL NAME
Personal name Debray, Regis,
600 14 - SUBJECT ADDED ENTRY--PERSONAL NAME
Personal name Burgos Debray, Elizabeth
650 #7 - SUBJECT ADDED ENTRY--TOPICAL TERM
Source of heading or term armarc
Topical term or geographic name entry element Autores franceses
Chronological subdivision Siglo XX
General subdivision
Form subdivision Biografía
650 #7 - SUBJECT ADDED ENTRY--TOPICAL TERM
Source of heading or term armarc
Topical term or geographic name entry element Autores franceses
Chronological subdivision Siglo XXI
Form subdivision Biografía
650 #7 - SUBJECT ADDED ENTRY--TOPICAL TERM
Source of heading or term armarc
Topical term or geographic name entry element Revolucionarios franceses
Form subdivision Biografías
700 1# - ADDED ENTRY--PERSONAL NAME
Personal name Zelich, Cristina,
Relator term traductor
765 0# - ORIGINAL LANGUAGE ENTRY
Main entry heading Debray, Laurence,1976-
Place, publisher, and date of publication París : Éditions Stock, 2017
Title File de révolutionnaires.
942 ## - ADDED ENTRY ELEMENTS (KOHA)
Source of classification or shelving scheme Dewey Decimal Classification
Koha item type Libro
Classification part xx
Item part xx
Suppress in OPAC
Existencias
Withdrawn status Lost status Source of classification or shelving scheme Damaged status Not for loan Collection code Home library Current library Shelving location Date acquired Source of acquisition Total Checkouts Full call number Barcode Date last seen Date last checked out Price effective from Koha item type
    Dewey Decimal Classification     General Biblioteca Karol Wojtyla Biblioteca Karol Wojtyla Sala general 03/12/2013 Donación 1 840.92 D28 2018 48149 05/01/2026 18/08/2025 03/12/2013 Libro